Mot mystérieux - Série 27 - Statistiques

Statistiques générales
  • Ce quiz a été pris 69 fois
  • Le résultat moyen est 5 sur 10
Statistiques - réponses
Indices Mot % Correct
Marteau - Baleine - Tigre - Blanc Requin
89%
Voyageur - Tir - Ramier - Aile Pigeon
86%
Nouveau - Tiers - Nombril - Tour Monde
77%
Pied -Panurge - Noir - Saut Mouton
77%
Attrape - Cuisse - Coche - Oiseau Mouche
60%
Affection - Page - Fabrique - Produit Marque
35%
Chef - Oignons - Premier - Rentrer Rang
33%
Silence - Docteur - Jungle - Mendel Loi
32%
Hôtel - Dortoir - Sergent - Centre Ville
28%
Angle - Garde - Epoque - Style Meuble
19%
Aucun quiz correspondant
Distribution des résultats
% des personnes avec chaque résultat
Percentile par nombre de réponses
Votre historique - résultats
Vous n’avez pas pris ce quiz